Nový autorský zákon a dane z príjmov
Príjmy a odmeny autorov diel, vymedzených v par. 6 autorského zákona č. 383/1997 Z.z. z hľadiska ich zdanenia daňou z príjmov fyzických osôb. Príjem autorov z inej samostatnej zárobkovej činnosti. Príjem autorov za príspevky do novín a časopisov. Príjem zo zdedených autorských práv. Príjem autora zo...
Salvato in:
| Autore principale: | |
|---|---|
| Natura: | Capitolo di libro |
| Lingua: | slovacco |
| Soggetti: | |
| Tags: |
Nessun Tag, puoi essere il primo ad aggiungerne!!
|
MARC
| LEADER | 00000naa a2200000 4500 | ||
|---|---|---|---|
| 001 | r032203 | ||
| 005 | 20230926072540.7 | ||
| 041 | 0 | |a slo | |
| 044 | |a SK | ||
| 245 | 1 | 0 | |a Nový autorský zákon a dane z príjmov |c Imrich Fekete |
| 520 | |a Príjmy a odmeny autorov diel, vymedzených v par. 6 autorského zákona č. 383/1997 Z.z. z hľadiska ich zdanenia daňou z príjmov fyzických osôb. Príjem autorov z inej samostatnej zárobkovej činnosti. Príjem autorov za príspevky do novín a časopisov. Príjem zo zdedených autorských práv. Príjem autora zo závislej činnosti. Príklady z praxe. | ||
| 610 | 2 | 0 | |a právo autorské |
| 610 | 2 | 0 | |a zákony |
| 610 | 2 | 0 | |a Slovensko |
| 610 | 2 | 0 | |a 1998 |
| 610 | 2 | 0 | |a dane z príjmov |
| 610 | 2 | 0 | |a umelci |
| 610 | 2 | 0 | |a odmeny |
| 610 | 2 | 0 | |a honoráre |
| 610 | 2 | 0 | |a zdaňovanie |
| 100 | 1 | |a Fekete, Imrich | |